000 00728nam a22002057a 4500
005 20161123130449.0
008 161123s2015 ck a||||r|||| 00| 0 spa d
040 _aCO-BoIAVH
_cCO-BoIAVH
041 0 _aspa
044 _ack
090 _aFG-
_b0094
245 0 4 _aLas tortugas de cardique /
_cCardique
260 _aCartagena, Colombia :
_bCardique,
_c2015.
300 _a20 páginas :
_bilustraciones ;
_c26 x 20 cm.
650 2 6 _aTortugas terrestres
_xidentificación
_zBolívar (Departamento, Colombia)
650 2 6 _aTortugas de agua dulce
_xidentificación
_zBolívar (Departamento, Colombia)
700 1 _aGutiérrez Bolaños, Cesar
_eilustrador
710 2 _aCardique
942 _2ddc
_cLIBRO
999 _c19132
_d19132